000 00379nam a2200157Ia 4500
001 16730
003 IN-NITTTR
005 20251114233158.0
008 251113s9999||||xx |||||||||||||| ||eng||
040 _beng
040 _cIN-NITTTR
041 _aeng
082 _a020.662 H192
245 0 _aHandbook of libraries, archives and information centres in India /
942 _2ddc
_cBK
999 _c19364
_d19364